[Event "Menorca op 3rd"]
[Site "Ciutadella de Menorca"]
[Date "2024.04.06"]
[Round "8"]
[White "Castellanos Rodriguez, Renier"]
[Black "Gorshtein, Ido"]
[Result "1/2-1/2"]
[WhiteElo "2467"]
[BlackElo "2540"]
[PlyCount "106"]
[EventDate "2024.04.02"]
[EventType "swiss"]
[EventRounds "9"]
[EventCountry "ESP"]
[SourceTitle "CB15_2024"]
[SourceDate "2024.04.10"]
[SourceVersion "1"]
[SourceVersionDate "2024.04.10"]
[SourceQuality "1"]

1. e4 c5 2. Nf3 d6 3. d4 cxd4 4. Nxd4 Nf6 5. Nc3 a6 6. Bg5 Nbd7 7. Bc4 Qb6 8. Bb3 e6 9. Bxf6 Nxf6 10. Qd2 Nd7 11. 0-0-0 Nc5 12. f4 Bd7 13. g4 0-0-0 14. h4 Kb8 15. f5 g6 16. g5 gxf5 17. exf5 d5 18. Kb1 Bc8 19. Rhe1 Bg7 20. f6 Bf8 21. Nf3 Bd6 22. Ne5 Qc7 23. Nd3 b6 24. Ne2 h6 25. Nef4 hxg5 26. hxg5 Rh4 27. Rf1 Rg4 28. Nxc5 bxc5 29. Ne2 c4 30. Ba4 Qb6 31. Nd4 Rg8 32. Rg1 Rxg1 33. Rxg1 Bb7 34. Rd1 Bc5 35. c3 Ka7 36. Re1 Qc7 37. Qe3 Qh2 38. Bc2 Qh4 39. g6 Qxf6 40. gxf7 Qxf7 41. Qxe6 Qf2 42. Rc1 Rg1 43. Nf5 Rxc1+ 44. Kxc1 Qf4+ 45. Kd1 d4 46. Nxd4 Bxd4 47. cxd4 Qxd4+ 48. Ke1 a5 49. Bd1 c3 50. bxc3 Qxc3+ 51. Kf2 Qd2+ 52. Be2 Qf4+ 53. Ke1 Qe4 1/2-1/2

[Event "Menorca op 3rd"]
[Site "Ciutadella de Menorca"]
[Date "2024.04.03"]
[Round "3"]
[White "Albornoz Cabrera, Carlos Daniel"]
[Black "Castellanos Rodriguez, Renier"]
[Result "1/2-1/2"]
[WhiteElo "2604"]
[BlackElo "2467"]
[PlyCount "91"]
[EventDate "2024.04.02"]
[EventType "swiss"]
[EventRounds "9"]
[EventCountry "ESP"]
[SourceTitle "CB15_2024"]
[SourceDate "2024.04.10"]
[SourceVersion "1"]
[SourceVersionDate "2024.04.10"]
[SourceQuality "1"]

1. e4 c5 2. Nf3 d6 3. d4 cxd4 4. Qxd4 Nc6 5. Qe3 g6 6. Bc4 Bg7 7. Nc3 Nf6 8. h3 0-0 9. 0-0 Na5 10. Bb3 b6 11. Rd1 Qc7 12. Qe2 Bb7 13. Nd5 Nxd5 14. Bxd5 Rac8 15. c3 Nc4 16. Nd4 a6 17. a4 Rfe8 18. Nc2 Red8 19. Ne3 Nxe3 20. Bxe3 e6 21. Bxb7 Qxb7 22. Bd4 b5 23. Bxg7 Kxg7 24. Rd4 Rc4 25. Qd2 Rdc8 26. axb5 axb5 27. Rxd6 Qxe4 28. Rd7 R8c7 29. Rd8 Rc8 30. Rxc8 Rxc8 31. Re1 Qc4 32. Rd1 Rc5 33. Qd4+ e5 34. Qd6 b4 35. Rd3 bxc3 36. Rxc3 Rd5 37. Rxc4 Rxd6 38. Rc1 Rb6 39. Rb1 Kf6 40. Kf1 Ke6 41. Ke2 f5 42. Kd3 Kd5 43. Rd1 e4+ 44. Kc3+ Ke5 45. Rd7 Rc6+ 46. Kd2 1/2-1/2

[Event "Budapest SixDays 01 GM-A"]
[Site "Budapest"]
[Date "2024.01.31"]
[Round "7"]
[White "Castellanos Rodriguez, Renier"]
[Black "Berczes, David"]
[Result "0-1"]
[WhiteElo "2468"]
[BlackElo "2439"]
[PlyCount "108"]
[EventDate "2024.01.27"]
[EventType "tourn"]
[EventRounds "9"]
[EventCountry "HUN"]
[EventCategory "7"]
[SourceTitle "CB06_2024"]
[SourceDate "2024.02.07"]
[SourceVersion "1"]
[SourceVersionDate "2024.02.07"]
[SourceQuality "1"]

1. d4 d5 2. Nf3 Nf6 3. c4 e6 4. cxd5 exd5 5. Nc3 c6 6. Bg5 h6 7. Bh4 Bf5 8. e3 Nbd7 9. Bd3 Bxd3 10. Qxd3 Bd6 11. 0-0 0-0 12. Nd2 Re8 13. Rae1 Qb6 14. Rb1 a5 15. Rfc1 Qd8 16. Nf1 Nf8 17. f3 Ne6 18. Rc2 g5 19. Bf2 Bf8 20. Rd1 Qd7 21. Ng3 Rad8 22. Na4 b5 23. Nc3 Rc8 24. Nf5 h5 25. h3 h4 26. Rcd2 Nh5 27. Ne2 Neg7 28. Nh6+ Kh8 29. Ng4 Bd6 30. e4 f5 31. Ne5 dxe4 32. Qe3 f4 33. Qxe4 Qf5 34. Nc3 Ng3 35. Qxf5 N7xf5 36. Nf7+ Kg8 37. Nxg5 Bb4 38. Nge4 Nxe4 39. fxe4 Bxc3 40. bxc3 Rxe4 41. d5 Ne3 42. Bxe3 fxe3 43. Re2 Rd8 44. Rd3 Rxd5 45. Rdxe3 Rxe3 46. Rxe3 Rd2 47. Re6 Rxa2 48. Rxc6 a4 49. Ra6 Kf7 50. g4 hxg3 51. h4 Rc2 52. Ra5 Kg6 53. h5+ Kxh5 54. Rxb5+ Kg4 0-1

[Event "Budapest SixDays 01 GM-A"]
[Site "Budapest"]
[Date "2024.01.31"]
[Round "8"]
[White "Karamsetty, Jeevan"]
[Black "Castellanos Rodriguez, Renier"]
[Result "0-1"]
[WhiteElo "2211"]
[BlackElo "2468"]
[PlyCount "104"]
[EventDate "2024.01.27"]
[EventType "tourn"]
[EventRounds "9"]
[EventCountry "HUN"]
[EventCategory "7"]
[SourceTitle "CB06_2024"]
[SourceDate "2024.02.07"]
[SourceVersion "1"]
[SourceVersionDate "2024.02.07"]
[SourceQuality "1"]

1. e4 c5 2. Nf3 d6 3. Bc4 Nc6 4. 0-0 Nf6 5. Re1 Bg4 6. h3 Bh5 7. c3 e6 8. g4 Bg6 9. d4 d5 10. exd5 Nxd5 11. dxc5 Be7 12. Bxd5 exd5 13. Ne5 0-0 14. Nxc6 bxc6 15. Be3 f5 16. Nd2 fxg4 17. hxg4 Bh4 18. Qa4 Qc7 19. Qd4 Rae8 20. Rf1 Bf6 21. Qf4 Qb7 22. Qg3 Qxb2 23. Bf4 Qxc3 24. Rac1 Qxg3+ 25. Bxg3 Re2 26. Nb3 Rxa2 27. Bd6 Re8 28. Rfe1 Re4 29. Rxe4 Bxe4 30. Bc7 Bh4 31. Bg3 Bf6 32. Bc7 d4 33. g5 Bxg5 34. Re1 Bd5 35. Nxd4 Bh4 36. Ne2 Rc2 37. Bd6 a5 38. Ng3 Kf7 39. Ra1 Ba2 40. Ne4 a4 41. Be5 Kg6 42. Bd4 Bd5 43. Nc3 Bxf2+ 44. Bxf2 Rxc3 45. Rxa4 Rc1+ 46. Kh2 Kf5 47. Rh4 g5 48. Rb4 h5 49. Be3 Re1 50. Bg1 h4 51. Rb2 g4 52. Rf2+ Ke5 0-1

[Event "Budapest SixDays 01 GM-A"]
[Site "Budapest"]
[Date "2024.01.30"]
[Round "6"]
[White "Barrish, Daniel"]
[Black "Castellanos Rodriguez, Renier"]
[Result "1/2-1/2"]
[WhiteElo "2347"]
[BlackElo "2468"]
[PlyCount "113"]
[EventDate "2024.01.27"]
[EventType "tourn"]
[EventRounds "9"]
[EventCountry "HUN"]
[EventCategory "7"]
[SourceTitle "CB06_2024"]
[SourceDate "2024.02.07"]
[SourceVersion "1"]
[SourceVersionDate "2024.02.07"]
[SourceQuality "1"]

1. e4 c5 2. Nf3 Nc6 3. Bb5 d6 4. 0-0 Bd7 5. Re1 Nf6 6. c3 a6 7. Bf1 Bg4 8. h3 Bxf3 9. Qxf3 e6 10. d3 Be7 11. Be3 d5 12. exd5 Nxd5 13. Nd2 0-0 14. Nb3 Nxe3 15. Qxe3 Qb6 16. Rad1 a5 17. Rd2 a4 18. Nc1 Qa5 19. a3 b5 20. Rc2 Rac8 21. Qe4 Rfd8 22. Ne2 Qb6 23. d4 cxd4 24. cxd4 Bf6 25. Rec1 Ne7 26. Rxc8 Nxc8 27. Qc6 Qxc6 28. Rxc6 Nd6 29. Rb6 Kf8 30. g3 Ke7 31. Bg2 Rc8 32. Bc6 Nc4 33. Rb7+ Kf8 34. Bd7 Rd8 35. Bxb5 Nxb2 36. Bc6 Nc4 37. Bxa4 Nxa3 38. Rb4 Be7 39. Rb7 Nc4 40. Rd7 Rc8 41. Bb3 Nd2 42. Ba4 Ne4 43. Kg2 g6 44. Kf3 Nd2+ 45. Kg2 Rc4 46. Bb5 Rb4 47. Bc6 Nc4 48. Rb7 Rxb7 49. Bxb7 Nd6 50. Bc6 Bd8 51. Kf3 Bb6 52. Ke3 h5 53. Kd3 Ke7 54. g4 hxg4 55. hxg4 Kf6 56. Nc3 Kg5 57. f3 1/2-1/2

[Event "Budapest SixDays 01 GM-A"]
[Site "Budapest"]
[Date "2024.01.28"]
[Round "3"]
[White "Castellanos Rodriguez, Renier"]
[Black "Sedlak, Nikola"]
[Result "1/2-1/2"]
[WhiteElo "2468"]
[BlackElo "2463"]
[PlyCount "96"]
[EventDate "2024.01.27"]
[EventType "tourn"]
[EventRounds "9"]
[EventCountry "HUN"]
[EventCategory "7"]
[SourceTitle "CB06_2024"]
[SourceDate "2024.02.07"]
[SourceVersion "1"]
[SourceVersionDate "2024.02.07"]
[SourceQuality "1"]

1. e4 e6 2. d4 d5 3. Nc3 dxe4 4. Nxe4 Be7 5. Nf3 Nf6 6. Bd3 Bd7 7. 0-0 Nxe4 8. Bxe4 Bc6 9. Qe2 0-0 10. c4 Bxe4 11. Qxe4 c6 12. Bf4 Nd7 13. Rfd1 Re8 14. Rd3 Nf6 15. Qe2 b5 16. c5 Nd5 17. Bg3 a5 18. a4 Qc8 19. axb5 cxb5 20. Rda3 Qa6 21. Rxa5 Qxa5 22. Rxa5 Rxa5 23. h3 Rea8 24. Kh2 h5 25. Bh4 Bxh4 26. Nxh4 Ra4 27. Qxb5 Rxd4 28. Qb7 Rf8 29. Nf3 Rb4 30. Qa7 Rxb2 31. c6 Rbb8 32. Nd4 Rfc8 33. Qd7 Rc7 34. Qd6 Rbc8 35. f4 Ne7 36. Qc5 Nxc6 37. Nb5 Rd7 38. Nd6 Rcc7 39. Nb5 Rd5 40. Qxd5 exd5 41. Nxc7 d4 42. Kg3 f5 43. Kf3 Kf7 44. Ke2 Nb4 45. g3 g6 46. Nb5 d3+ 47. Kd2 Ke6 48. Nd4+ Kf6 1/2-1/2

[Event "Copenhagen Killer Chess op"]
[Site "Copenhagen"]
[Date "2023.10.22"]
[Round "9"]
[White "Cherniack, Alex"]
[Black "Castellanos Rodriguez, Renier"]
[Result "0-1"]
[WhiteElo "2173"]
[BlackElo "2487"]
[PlyCount "138"]
[EventDate "2023.10.14"]
[EventType "swiss"]
[EventRounds "9"]
[EventCountry "DEN"]
[SourceTitle "Mega2024 Update 01"]
[Source "Chessbase"]
[SourceDate "2023.11.12"]
[SourceVersion "1"]
[SourceVersionDate "2023.11.12"]
[SourceQuality "1"]

1. d4 Nf6 2. c4 d6 3. Nf3 g6 4. g3 Bg7 5. Bg2 0-0 6. 0-0 Nbd7 7. Nc3 e5 8. h3 Re8 9. dxe5 dxe5 10. Be3 c6 11. Nd2 Nb6 12. Kh2 h5 13. b3 Bf5 14. Nde4 Nxe4 15. Nxe4 Bxe4 16. Bxe4 Qe7 17. Qe1 Nd7 18. b4 f5 19. Bc2 e4 20. Rd1 Ne5 21. Bb3 Nf7 22. Bc5 Qc7 23. Qd2 Rad8 24. Qe3 b6 25. Bd4 c5 26. Bxg7 Kxg7 27. a3 h4 28. Kg2 Qe5 29. Ba4 Rf8 30. Rxd8 Rxd8 31. Bc6 Rd4 32. Bd5 Nd6 33. bxc5 bxc5 34. Rb1 hxg3 35. fxg3 Qe7 36. Rb8 Kh7 37. Qc3 e3 38. Qa5 Nxc4 39. Qb5 Kh6 40. Rh8+ Kg5 41. h4+ Kf6 42. Re8 Nd6 43. Qxc5 Qxe8 44. Qxd4+ Qe5 45. Qxe5+ Kxe5 46. Bb3 Nb5 47. a4 Nd4 48. Bc4 a5 49. Bd3 Kf6 50. g4 f4 51. Bc4 g5 52. h5 Nc6 53. Bd3 Ne5 54. Bf5 Nc4 55. Be4 Ne5 56. Bf5 Ke7 57. Kf1 Nf7 58. Ke1 Nh6 59. Bc8 Kd6 60. Kd1 Ke5 61. Kc2 f3 62. exf3 Kf4 63. Kd1 Kxf3 64. Ke1 Nf7 65. Be6 Ne5 66. Bf5 e2 67. h6 Ke3 68. Be4 Kxe4 69. Kxe2 Nf7 0-1

[Event "Copenhagen Killer Chess op"]
[Site "Copenhagen"]
[Date "2023.10.18"]
[Round "5"]
[White "Hacker, Jonas"]
[Black "Castellanos Rodriguez, Renier"]
[Result "1/2-1/2"]
[WhiteElo "2400"]
[BlackElo "2487"]
[PlyCount "89"]
[EventDate "2023.10.14"]
[EventType "swiss"]
[EventRounds "9"]
[EventCountry "DEN"]
[SourceTitle "Mega2024 Update 01"]
[Source "Chessbase"]
[SourceDate "2023.11.12"]
[SourceVersion "1"]
[SourceVersionDate "2023.11.12"]
[SourceQuality "1"]

1. e4 c5 2. Nf3 e6 3. d4 cxd4 4. Nxd4 Nc6 5. Nc3 Qc7 6. Be3 a6 7. Qd2 Nxd4 8. Bxd4 b5 9. 0-0-0 Bb7 10. f3 Nf6 11. g4 Be7 12. g5 Nh5 13. Be5 Qxe5 14. Qxd7+ Kf8 15. Qxb7 Bxg5+ 16. Kb1 Qb8 17. Rd7 Qxb7 18. Rxb7 Bf6 19. a4 Bxc3 20. bxc3 bxa4 21. Bc4 Rd8 22. Bxa6 Nf4 23. Rg1 h6 24. c4 g5 25. Bb5 Kg7 26. Kb2 Ne2 27. Ra1 Nd4 28. Rxa4 Nxf3 29. c5 g4 30. c6 Ne5 31. c7 Rc8 32. Kc3 h5 33. Kd4 Kf6 34. Ra1 Nf3+ 35. Ke3 Ke7 36. Rd1 Ne5 37. Kf4 Kf6 38. Ra7 h4 39. Ba6 Rcg8 40. c8Q Rxc8 41. Bxc8 Rxc8 42. Ra5 Ng6+ 43. Kxg4 Rxc2 44. Rf1+ Kg7 45. Ra7 1/2-1/2

[Event "Copenhagen Killer Chess op"]
[Site "Copenhagen"]
[Date "2023.10.15"]
[Round "2"]
[White "Sgircea, Silvia Raluca"]
[Black "Castellanos Rodriguez, Renier"]
[Result "1/2-1/2"]
[WhiteElo "2225"]
[BlackElo "2487"]
[PlyCount "60"]
[EventDate "2023.10.14"]
[EventType "swiss"]
[EventRounds "9"]
[EventCountry "DEN"]
[SourceTitle "Mega2024 Update 01"]
[Source "Chessbase"]
[SourceDate "2023.11.12"]
[SourceVersion "1"]
[SourceVersionDate "2023.11.12"]
[SourceQuality "1"]

1. Nf3 Nf6 2. c4 b6 3. g3 Bb7 4. Bg2 c5 5. 0-0 g6 6. d4 cxd4 7. Qxd4 Bg7 8. Nc3 d6 9. h3 Nbd7 10. Be3 Rc8 11. Rac1 0-0 12. Qh4 a6 13. b3 Rc7 14. Bh6 Re8 15. Bxg7 Kxg7 16. Rfd1 Qb8 17. Nd4 Bxg2 18. Kxg2 Qb7+ 19. Nf3 Rec8 20. a4 Nc5 21. Nd5 Nxd5 22. cxd5 h6 23. Qd4+ Kh7 24. Qe3 Kg7 25. Qc3+ Kg8 26. Qe3 Kg7 27. Qd4+ Kg8 28. Qe3 Kg7 29. Qc3+ Kg8 30. Qe3 Kg7 1/2-1/2

[Event "Paterna 4th"]
[Site "Paterna"]
[Date "2023.09.25"]
[Round "5"]
[White "Davtyan, David"]
[Black "Castellanos Rodriguez, Renier"]
[Result "0-1"]
[WhiteElo "2274"]
[BlackElo "2597"]
[PlyCount "60"]
[EventDate "2023.09.25"]
[EventType "tourn"]
[EventRounds "7"]
[EventCountry "ESP"]
[SourceTitle "EXT 2024"]
[Source "ChessBase"]
[SourceDate "2023.10.10"]
[SourceVersion "1"]
[SourceVersionDate "2023.10.10"]
[SourceQuality "1"]

1. d4 Nf6 2. Nc3 d5 3. Bf4 a6 4. e3 e6 5. g4 Bb4 6. Nge2 Ne4 7. a3 Nxc3 8. Nxc3 Bxc3+ 9. bxc3 Bd7 10. g5 Bb5 11. Bg2 Nc6 12. h4 Qe7 13. h5 0-0-0 14. Qg4 Kb8 15. Qg3 Bc4 16. Kd2 Na5 17. Rhb1 Bb5 18. a4 Nc4+ 19. Ke1 Bc6 20. Ra2 h6 21. g6 f6 22. Qh4 Qd7 23. Bf1 e5 24. Bg3 Rhe8 25. Be2 Bxa4 26. dxe5 fxe5 27. Bxe5 Rxe5 28. Bxc4 dxc4 29. Rxa4 Rg5 30. Qe4 Rg1+ 0-1

[Event "ESP-chT Rapid"]
[Site "Ubeda"]
[Date "2023.09.24"]
[Round "9.2"]
[White "Yuffa, Daniil"]
[Black "Castellanos Rodriguez, Renier"]
[Result "1-0"]
[WhiteElo "2597"]
[BlackElo "2487"]
[PlyCount "57"]
[EventDate "2023.09.23"]
[EventType "team-swiss (rapid)"]
[EventRounds "9"]
[EventCountry "ESP"]
[SourceTitle "EXT 2024"]
[Source "ChessBase"]
[SourceDate "2023.10.10"]
[SourceVersion "1"]
[SourceVersionDate "2023.10.10"]
[SourceQuality "1"]
[WhiteTeam "Silla Integrant"]
[BlackTeam "Andreu Paterna"]
[WhiteTeamCountry "ESP"]
[BlackTeamCountry "ESP"]

1. c4 e6 2. g3 Nf6 3. Bg2 d5 4. Nf3 Be7 5. d4 0-0 6. Qc2 c6 7. 0-0 b6 8. b3 Nbd7 9. Bb2 a5 10. Nbd2 Bb7 11. e4 Rc8 12. e5 Ne8 13. Rad1 Nc7 14. Qb1 h6 15. h4 c5 16. Rfe1 a4 17. cxd5 Nxd5 18. Ne4 axb3 19. axb3 b5 20. dxc5 Nxc5 21. Nd6 Bxd6 22. exd6 Qxd6 23. Ne5 Nxb3 24. Ng4 Qb4 25. Nxh6+ gxh6 26. Rxe6 Nc3 27. Rxh6 Be4 28. Bxe4 Nxb1 29. Rh8# 1-0

[Event "ESP-chT Rapid"]
[Site "Ubeda"]
[Date "2023.09.23"]
[Round "4.4"]
[White "Castellanos Rodriguez, Renier"]
[Black "Gallardo Retortillo, Enrique"]
[Result "1-0"]
[WhiteElo "2487"]
[BlackElo "2047"]
[PlyCount "51"]
[EventDate "2023.09.23"]
[EventType "team-swiss (rapid)"]
[EventRounds "9"]
[EventCountry "ESP"]
[SourceTitle "EXT 2024"]
[Source "ChessBase"]
[SourceDate "2023.10.10"]
[SourceVersion "1"]
[SourceVersionDate "2023.10.10"]
[SourceQuality "1"]
[WhiteTeam "Andreu Paterna"]
[BlackTeam "Albatros"]
[WhiteTeamCountry "ESP"]
[BlackTeamCountry "ESP"]

1. e4 e5 2. Nf3 Nc6 3. Bb5 a6 4. Ba4 Nf6 5. d3 d6 6. c3 g6 7. 0-0 Bg7 8. Be3 0-0 9. h3 b5 10. Bc2 Re8 11. Nbd2 d5 12. Nb3 b4 13. Re1 a5 14. Nc5 Qd6 15. Ba4 Bf8 16. Rc1 bxc3 17. bxc3 Nd7 18. exd5 Qxd5 19. Ne4 Bb7 20. Rb1 Rab8 21. c4 Qe6 22. Nfg5 Qe7 23. Rxb7 Rxb7 24. Bxc6 Rb6 25. Bxd7 Qxd7 26. Bxb6 1-0

[Event "Merida World Heritage op 3rd"]
[Site "Merida"]
[Date "2023.08.04"]
[Round "8"]
[White "Lopez Mijail, Nicolas"]
[Black "Castellanos Rodriguez, Renier"]
[Result "0-1"]
[WhiteElo "2128"]
[BlackElo "2483"]
[PlyCount "74"]
[EventDate "2023.07.31"]
[EventType "swiss"]
[EventRounds "9"]
[EventCountry "ESP"]
[SourceTitle "CBM 215 Extra"]
[Source "ChessBase"]
[SourceDate "2023.09.30"]
[SourceVersion "1"]
[SourceVersionDate "2023.09.30"]
[SourceQuality "1"]

1. e4 c5 2. Nf3 Nc6 3. d4 cxd4 4. Nxd4 Qb6 5. Nb3 Nf6 6. Nc3 e6 7. Be3 Qc7 8. a3 a6 9. f4 d6 10. Bd3 b5 11. 0-0 Bb7 12. Qf3 Be7 13. Rae1 Rc8 14. g4 Nd7 15. g5 Nc5 16. Nd4 Nxd4 17. Bxd4 0-0 18. Qg3 f6 19. h4 e5 20. Be3 Qd7 21. Rd1 Nxd3 22. Rxd3 exf4 23. Bxf4 fxg5 24. hxg5 Qe6 25. Re1 Rf7 26. Bxd6 Bd8 27. Be5 Bb6+ 28. Bd4 Bc7 29. Qh3 Qg6 30. Be3 Rcf8 31. Bd2 Bb6+ 32. Kh1 Bc8 33. Qh4 Bf2 34. Rg3 Bxg3 35. Qxg3 Rf3 36. Qg2 Rh3+ 37. Kg1 Qb6+ 0-1

[Event "Benasque op 42nd"]
[Site "Benasque"]
[Date "2023.07.13"]
[Round "9"]
[White "Hovhannisyan, Robert"]
[Black "Castellanos Rodriguez, Renier"]
[Result "1/2-1/2"]
[WhiteElo "2607"]
[BlackElo "2483"]
[PlyCount "218"]
[EventDate "2023.07.05"]
[EventType "swiss"]
[EventRounds "9"]
[EventCountry "ESP"]
[SourceTitle "EXT 2024"]
[Source "ChessBase"]
[SourceDate "2023.10.10"]
[SourceVersion "1"]
[SourceVersionDate "2023.10.10"]
[SourceQuality "1"]

1. e4 c5 2. Nf3 d6 3. d4 cxd4 4. Nxd4 Nf6 5. Nc3 a6 6. Be2 e5 7. Nb3 Be6 8. f4 Be7 9. Be3 exf4 10. Bxf4 Nc6 11. Qd2 0-0 12. 0-0-0 Ne5 13. Rhg1 Rc8 14. g4 b5 15. g5 Nfd7 16. Nd4 g6 17. Nd5 Bxd5 18. exd5 Re8 19. Rg3 Bf8 20. Nc6 Qb6 21. Be3 Qc7 22. Bd4 Bg7 23. Bg4 Ra8 24. h4 Nc5 25. Bf3 Nc4 26. Qf2 Bxd4 27. Rxd4 Qb6 28. b3 Ne3 29. Rg1 Nf5 30. Rd2 Re3 31. Re1 Rae8 32. Rxe3 Rxe3 33. Re2 Nd7 34. Bg4 Rxe2 35. Qxe2 Qg1+ 36. Kb2 Nd4 37. Qe8+ Nf8 38. Qe4 Nxc6 39. dxc6 Qc5 40. b4 Qb6 41. Qd5 Qc7 42. a3 Qe7 43. Qd4 Qc7 44. Bf3 Ne6 45. Qf6 Ng7 46. Qc3 Ne8 47. Qe3 Kf8 48. Bd5 Qe7 49. Qf3 Nc7 50. Bb3 Qe5+ 51. Ka2 d5 52. Qf2 Kg7 53. Qc5 Kg8 54. a4 Kg7 55. a5 Kg8 56. Qb6 Kg7 57. Qf2 Ne8 58. Qf3 Nc7 59. Qg4 h6 60. gxh6+ Kxh6 61. Qd7 f5 62. c3 Qh2+ 63. Ka3 Qe5 64. Kb2 Qh2+ 65. Bc2 Qe5 66. Qd8 Kg7 67. h5 gxh5 68. Qg5+ Kf8 69. Bxf5 d4 70. Qh6+ Ke7 71. Qh7+ Kf8 72. Bg6 dxc3+ 73. Ka3 Qg7 74. Qxh5 c2 75. Qf3+ Ke7 76. Qe3+ Ne6 77. Bxc2 Qa1+ 78. Kb3 Kd6 79. c7 Qa4+ 80. Kc3 Qa3+ 81. Bb3 Qa1+ 82. Kc2 Nxc7 83. Qc5+ Kd7 84. Bd5 Qf6 85. Be4 Qd6 86. Bf5+ Ke7 87. Qe3+ Kf8 88. Be4 Qh2+ 89. Kc3 Qd6 90. Bb7 Nd5+ 91. Bxd5 Qxd5 92. Qd4 Qf3+ 93. Kd2 Qb3 94. Qe4 Kf7 95. Qd4 Kf8 96. Ke2 Kf7 97. Qa7+ Kf8 98. Qxa6 Qc4+ 99. Ke3 Qc3+ 100. Ke4 Qxb4+ 101. Kd5 Qc4+ 102. Kd6 Qd4+ 103. Kc6 b4 104. Qf1+ Ke7 105. Qe2+ Kf7 106. a6 b3 107. Qh5+ Kg7 108. Qg5+ Kf7 109. Qf5+ Qf6+ 1/2-1/2

[Event "Bucharest Grand Prix"]
[Site "Bucharest"]
[Date "2023.04.30"]
[Round "6"]
[White "Castellanos Rodriguez, Renier"]
[Black "Miroiu, George Catalin"]
[Result "1-0"]
[WhiteElo "2478"]
[BlackElo "2341"]
[PlyCount "57"]
[EventDate "2023.04.29"]
[EventType "swiss (rapid)"]
[EventRounds "10"]
[EventCountry "ROU"]
[SourceTitle "CBM 213 Extra"]
[Source "ChessBase"]
[SourceDate "2023.05.31"]
[SourceVersion "1"]
[SourceVersionDate "2023.05.31"]
[SourceQuality "1"]

1. e4 c6 2. d4 d5 3. e5 Bf5 4. Nd2 e6 5. Nb3 Nd7 6. Nf3 Bg6 7. Be2 Qc7 8. 0-0 f6 9. Bf4 0-0-0 10. Bg3 fxe5 11. dxe5 Re8 12. c4 Nb6 13. cxd5 exd5 14. Rc1 Kb8 15. Nfd4 Ka8 16. f4 Be4 17. Nd2 g6 18. a4 Nd7 19. Nxe4 dxe4 20. Qc2 Nh6 21. Qxe4 Nf6 22. Qf3 Qb6 23. Bf2 Nfg4 24. a5 Qxa5 25. Nxc6 Qd2 26. Rfd1 Qxb2 27. Rb1 Qc2 28. Rxb7 Kxb7 29. Nd4+ 1-0

[Event "Bucharest Grand Prix"]
[Site "Bucharest"]
[Date "2023.04.30"]
[Round "9"]
[White "Sidhant, Mohapatra"]
[Black "Castellanos Rodriguez, Renier"]
[Result "0-1"]
[WhiteElo "2376"]
[BlackElo "2478"]
[PlyCount "82"]
[EventDate "2023.04.29"]
[EventType "swiss (rapid)"]
[EventRounds "10"]
[EventCountry "ROU"]
[SourceTitle "CBM 213 Extra"]
[Source "ChessBase"]
[SourceDate "2023.05.31"]
[SourceVersion "1"]
[SourceVersionDate "2023.05.31"]
[SourceQuality "1"]

1. d4 Nf6 2. Nf3 e6 3. Bf4 c5 4. e3 cxd4 5. exd4 Be7 6. c3 b6 7. Nbd2 0-0 8. h3 d6 9. Bd3 Ba6 10. Bxa6 Nxa6 11. 0-0 Nc7 12. a4 a6 13. Re1 b5 14. axb5 axb5 15. Qb3 Qd7 16. Bg3 h6 17. Rec1 Qc6 18. Qd1 Ncd5 19. Rxa8 Rxa8 20. Ra1 Ra6 21. Qb1 Qa8 22. Rxa6 Qxa6 23. Nb3 b4 24. Qc2 bxc3 25. bxc3 Qc4 26. Nbd2 Qxc3 27. Qa4 Qc8 28. Qa7 Bf8 29. Kh2 g5 30. Qa3 Qc6 31. Qd3 Ne7 32. h4 g4 33. Ng1 Nf5 34. Ne2 Bg7 35. Qb3 Ne4 36. Nxe4 Qxe4 37. Qb5 Kh7 38. Qa6 Bxd4 39. Qc4 d5 40. Qc7 Qxe2 41. Qxf7+ Ng7 0-1

[Event "Titled Tuesday intern op 04th Apr Late"]
[Site "Chess.com INT"]
[Date "2023.04.04"]
[Round "5"]
[White "Castellanos Rodriguez, Renier"]
[Black "Loiacono, Antonio"]
[Result "1-0"]
[WhiteElo "2478"]
[BlackElo "2357"]
[PlyCount "65"]
[EventDate "2023.04.04"]
[EventType "swiss (blitz)"]
[EventRounds "11"]
[EventCountry "USA"]
[SourceTitle "EXT 2024"]
[Source "ChessBase"]
[SourceDate "2023.10.10"]
[SourceVersion "1"]
[SourceVersionDate "2023.10.10"]
[SourceQuality "1"]

1. c4 c6 2. Nf3 d5 3. d4 Nf6 4. e3 Bg4 5. h3 Bh5 6. Nc3 e6 7. g4 Bg6 8. Nh4 Be7 9. Bd2 Nbd7 10. Qb3 Qb6 11. Nxg6 hxg6 12. Bg2 g5 13. 0-0 Qc7 14. Rfe1 Nb6 15. cxd5 cxd5 16. e4 dxe4 17. Nxe4 Nxe4 18. Bxe4 0-0 19. Rac1 Qd7 20. Be3 Bf6 21. Red1 Rfd8 22. Rc5 Rac8 23. Bf3 Nd5 24. Bxd5 exd5 25. Rdc1 Rxc5 26. Rxc5 b6 27. Rc3 Qe6 28. Qc2 g6 29. Rc6 Rd6 30. Rc8+ Kg7 31. Qc7 Bd8 32. Rxd8 Rc6 33. Qe5+ 1-0

[Event "Titled Tuesday intern op 04th Apr Late"]
[Site "Chess.com INT"]
[Date "2023.04.04"]
[Round "2"]
[White "Dyachuk, Artem"]
[Black "Castellanos Rodriguez, Renier"]
[Result "0-1"]
[WhiteElo "2298"]
[BlackElo "2478"]
[PlyCount "114"]
[EventDate "2023.04.04"]
[EventType "swiss (blitz)"]
[EventRounds "11"]
[EventCountry "USA"]
[SourceTitle "EXT 2024"]
[Source "ChessBase"]
[SourceDate "2023.10.10"]
[SourceVersion "1"]
[SourceVersionDate "2023.10.10"]
[SourceQuality "1"]

1. Nf3 c5 2. c4 Nf6 3. Nc3 e6 4. d4 cxd4 5. Nxd4 a6 6. g3 Qc7 7. b3 b5 8. e4 Bb7 9. Bd3 bxc4 10. bxc4 Bb4 11. Bd2 0-0 12. 0-0 Nc6 13. Nxc6 dxc6 14. Qe2 Bc5 15. e5 Nd7 16. Ne4 Bd4 17. Rab1 Nxe5 18. Ng5 g6 19. Bf4 c5 20. Bxe5 Bxe5 21. Rxb7 Qxb7 22. Qxe5 Qe7 23. Ne4 f6 24. Qxc5 Qxc5 25. Nxc5 Kf7 26. Ne4 Rfd8 27. Be2 Rd4 28. Bf3 Rc8 29. c5 Ke7 30. Rb1 Rc7 31. Rb6 Ra4 32. c6 f5 33. Nc5 Rxa2 34. Rb7 Kd6 35. Nd7 Rxc6 36. Bxc6 Kxc6 37. Ra7 a5 38. Ne5+ Kd5 39. Nf3 e5 40. Rxh7 e4 41. Nh4 e3 42. fxe3 a4 43. Nxg6 a3 44. Re7 Rb2 45. Nf4+ Kc4 46. Ra7 a2 47. h4 Rb1+ 48. Kg2 a1Q 49. Rxa1 Rxa1 50. h5 Ra6 51. Ng6 Kd5 52. Kf3 Ke6 53. Kf4 Kf6 54. Kf3 Ra1 55. Nf4 Kg5 56. Kg2 Kg4 57. Kf2 Ra2+ 0-1

[Event "Titled Tuesday intern op 04th Apr Late"]
[Site "Chess.com INT"]
[Date "2023.04.04"]
[Round "9"]
[White "Romanchuk, Viktor"]
[Black "Castellanos Rodriguez, Renier"]
[Result "0-1"]
[WhiteElo "2266"]
[BlackElo "2478"]
[PlyCount "74"]
[EventDate "2023.04.04"]
[EventType "swiss (blitz)"]
[EventRounds "11"]
[EventCountry "USA"]
[SourceTitle "EXT 2024"]
[Source "ChessBase"]
[SourceDate "2023.10.10"]
[SourceVersion "1"]
[SourceVersionDate "2023.10.10"]
[SourceQuality "1"]

1. d4 Nf6 2. c4 g6 3. Nc3 Bg7 4. Nf3 d6 5. g3 c6 6. Bg2 Bf5 7. 0-0 Ne4 8. Nxe4 Bxe4 9. e3 Nd7 10. Bd2 0-0 11. Bc3 b5 12. b3 bxc4 13. bxc4 c5 14. Rc1 Rb8 15. Nd2 Bxg2 16. Kxg2 cxd4 17. exd4 Qc7 18. Qe2 e6 19. h4 h5 20. Kg1 Rfc8 21. Ba1 Qa5 22. Nb3 Qa6 23. Rc2 Rc7 24. Rfc1 Rbc8 25. Kf1 Bh6 26. f4 Bg7 27. Kf2 Nf6 28. c5 Ng4+ 29. Ke1 Qc6 30. cxd6 Qxd6 31. Rxc7 Rxc7 32. Rxc7 Qxc7 33. Qb5 Kh7 34. Qd3 Qc6 35. Bc3 Qg2 36. Bd2 Nh2 37. Kd1 Nf3 0-1